01689nam a2200265Ia 4500001000600000003000900006008004100015040001300056040001300069041001300082100001100095100002900106245006500135245006300200250001100263260001100274260001600285260004900301300005600350500091300406650002401319650003101343700002001374700002901394G4875IT-RoPAU130308s9999 xx 000 0 und d aIT-RoPAU cIT-RoPAU aITALIANO aAA.VV. gCodice Aut. SPICS: 12000 aDuemila: verso una società aperta - 1. Economia e finanza bDuemila: Verso una Societa' Aperta - 1. Economia e Finanza a1a ed. aMILANO bSole 24 Ore c2000 [1° Ed.:2000 - Ed.Ling.Originale:2000] a"392 p. (prefazione: 22; testo: 370 [pagine: 0-0])" aConfronto tra Società Aperta e Società chiusa è Il Filo Conduttore degli Articoli che Costituiscono Questo Libro, una raccolta in tre volumi dei Dodici Inserti che Il sole 24 Ore Ha Pubblicato per Festeggiare Il Passaggioal Nuovo Millennio. Questo Primo Volume Affronta temi Economico Finanziaridi Grande Attualità Come la Questione della globalizzazione Che, Nonostante le Contraddizioni Sollevate, sembra Essere la formula vincente per Costruire una Società Migliore, I Modelli di Sviluppo, le Condizioni Dello Stato Sociale e Il Nuovo Sistema Monetario. prospettive per Il futuro di Giovanni Bazoli. globalizzazione e Nuova Economia: una Grande Opportunità e una Sfida di Marco Tronchetti Provera. contributi di Autori vari Divisi in 4 Settori: Uno Sguardo al Passato, Economia della Globalità, Finanza moneta e Risparmio, Modelli di Sviluppo. Note Sugli Autori. Bibliografia. siti Internet. aSAGGI DI SOCIOLOGIA eCodice materia Spics: 3657 aMoussanet Marco gCodice Aut. SPICS: 54908